000 00609nmm a2200205Ia 4500
008 251105s9999||||xx |||||||||||||||||und||
020 _a9788415803454
041 _aspa
100 _aCalvino, Italo
245 0 _aOrlando furioso :
_b narrado en prosa del poema de Ludovico Ariosto
264 _a[Madrid, España] :
_bSiruela,
_c2014
300 _a176 páginas
490 _aBiblioteca Italo Calvino
650 _aOther narratives
700 _aCalvino, Italo
700 1 _a Bernárdez, Aurora
700 1 _a Muchnik, Mario
856 _uhttps://public.digitaliapublishing.com/a/31819
942 _cCF
999 _c63341
_d63341